000
00356nam a2200133Ia 4500
008
100328s9999 xx 000 0 und d
082
_b
17429
100
_a
शरतेचन्द्र
245
_a
दोराहा
260
_b
शिक्षा भारती
630
_a
दोराहा
730
_a
दोराहा
942
_c
BOOK
999
_c
512005
_d
512002